[Event "Stuttgart-chA int"]
[Site "Ditzingen"]
[Date "2005.05.08"]
[Round "7"]
[White "Schulz, Uwe"]
[Black "Kinzig, Lars"]
[Result "0-1"]
[WhiteElo "2063"]
[BlackElo "1897"]
[PlyCount "78"]
[EventDate "2005.05.05"]
[EventType "swiss"]
[EventRounds "7"]
[EventCountry "GER"]
[SourceTitle "EXT 2018"]
[Source "ChessBase"]
[SourceDate "2017.10.13"]
[SourceVersion "1"]
[SourceVersionDate "2017.10.13"]
[SourceQuality "1"]

1. e4 c6 2. d4 d5 3. f3 dxe4 4. fxe4 e5 5. Nf3 Bg4 6. Bc4 Bxf3 7. Qxf3 Nf6 8. dxe5 Qa5+ 9. Nc3 Qxe5 10. Bf4 Qd4 11. Bxf7+ Kxf7 12. e5 Bb4 13. Rd1 Qe4+ 14. Qxe4 Nxe4 15. 0-0 Bc5+ 16. Be3+ Ke7 17. Bxc5+ Nxc5 18. e6 Rf8 19. Rxf8 Kxf8 20. Rf1+ Kg8 21. Re1 Nba6 22. a3 Re8 23. e7 Kf7 24. b4 Ne6 25. b5 Nac5 26. bxc6 bxc6 27. Ne4 Nxe4 28. Rxe4 Rxe7 29. Kf2 Ke8 30. Rc4 Kd7 31. Ra4 Kd6 32. Kf3 Ng5+ 33. Kf4 h6 34. Rd4+ Kc5 35. Ra4 Kd5 36. Kf5 Nf7 37. Kg6 Ne5+ 38. Kh5 Nc4 39. c3 a5 0-1

[Event "Stuttgart-chA"]
[Site "Stuttgart"]
[Date "2003.??.??"]
[Round "?"]
[White "Wohlfahrt, Rainer"]
[Black "Kinzig, Lars"]
[Result "1/2-1/2"]
[WhiteElo "2115"]
[BlackElo "1710"]
[PlyCount "142"]
[EventDate "2003.??.??"]
[EventType "swiss"]
[EventRounds "9"]
[EventCountry "GER"]
[SourceTitle "EXT 2007"]
[Source "ChessBase"]
[SourceDate "2006.11.23"]
[SourceVersion "1"]
[SourceVersionDate "2006.11.23"]
[SourceQuality "1"]

1. d4 d5 2. Bg5 c6 3. e3 Nf6 4. Nd2 Bf5 5. Bxf6 gxf6 6. Bd3 Bg6 7. Ne2 e5 8. Ng3 e4 9. Be2 f5 10. f4 Be7 11. c4 a6 12. Qb3 b5 13. cxd5 cxd5 14. Rc1 0-0 15. Nb1 Qa5+ 16. Nc3 Rd8 17. h4 h6 18. h5 Bh7 19. Nf1 Ra7 20. Nd2 Rad7 21. Qd1 Qb6 22. Nb3 Nc6 23. Kf2 Na5 24. Nxa5 Qxa5 25. Qb3 Qb4 26. Qxb4 Bxb4 27. a3 Be7 28. b4 Rd6 29. Rc2 Kg7 30. Rhc1 Kf6 31. Nb1 Bg8 32. Rc7 R8d7 33. Bd1 Ke6 34. Bb3 f6 35. R1c6 Rxc7 36. Rxc7 Rd7 37. Rxd7 Kxd7 38. Nc3 Kc6 39. Ke2 Bf7 40. Kd2 Bd8 41. Bd1 Be6 42. Be2 Bd7 43. a4 bxa4 44. b5+ axb5 45. Bxb5+ Kd6 46. Bxd7 Kxd7 47. Nxd5 Kc6 48. Nc3 a3 49. Kc2 Be7 50. Kb3 Bf8 51. Nb1 a2 52. Kxa2 Bb4 53. Kb3 Be1 54. Na3 Kd5 55. Kc2 Bb4 56. Nb1 Kc4 57. Nd2+ Kd5 58. Kd1 Bc3 59. Ke2 Bb4 60. Nf1 Ba5 61. Ng3 Ke6 62. Nh1 Bb4 63. Nf2 Kd5 64. g4 fxg4 65. Nxg4 f5 66. Nxh6 Ke6 67. d5+ Kf6 68. Kd1 Bf8 69. Kc2 Bxh6 70. Kc3 Bf8 71. Kd4 Bd6 1/2-1/2